Abrahamic Religion Trivia - Statistics

General Stats
  • This quiz has been taken 101 times
  • The average score is 8 of 16
Answer Stats
Hint Answer % Correct
What sect of Islam is Iran apart of Shia
84%
How many pillars of Islam are there 5
79%
What is the head of Catholicism called Pope
78%
Where do Muslims travel for the hajj? Mecca
75%
Where are the Mormons located Utah
70%
What were the wars for the Holy Land called? The Crusades
63%
What is the majority religion in East India Christianity
60%
What was the religious leader of tibet called Dalai lama
51%
Name one of the pillars of Islam Profession of Faith | Prayer | Alms | Fasting | Pilgrimage
51%
Name the three Islamic caliphates? Abbasid
32%
What is the head of Islam called Caliph
31%
Name the three Islamic caliphates? Umayyad
29%
Name the three Islamic caliphates? Rashidun
21%
What was the war between Protestants and Catholics called The 30 years war
16%
Who was the only non-Jewish messiah? Cyrus the Great
10%
What was the nickname of Pyongyang Jerusalem of the East
6%
No matching quizzes found
Score Distribution
Percent of People with Each Score
Percentile by Number Answered
Your Score History
You have not taken this quiz